Untersuchungen zum Halbwarmfliesspressen von Automatinstählen /
Enregistré dans:
| Auteur principal: | |
|---|---|
| Format: | Livre |
| Langue: | allemand |
| Publié: |
Berlin :
Springer Verlag,
1983
|
| Sujets: | |
| Tags: |
Pas de tags, Soyez le premier à ajouter un tag!
|
MARC
| LEADER | 00000nam a22000003a 4500 | ||
|---|---|---|---|
| 001 | stu39741 | ||
| 005 | 20150617225725.8 | ||
| 008 | 930226s1983----gw------------------ger-d | ||
| 040 | |a STU |b slo | ||
| 041 | 0 | |a ger | |
| 044 | |a gw | ||
| 080 | |a 621.777.4 | ||
| 080 | |a 621.785 | ||
| 100 | 1 | |a Nehl, Eberhard |4 aut | |
| 245 | 1 | |a Untersuchungen zum Halbwarmfliesspressen von Automatinstählen / |c [aut.]Eberhard Nehl | |
| 260 | |a Berlin : |b Springer Verlag, |c 1983 | ||
| 300 | |a 145 s | ||
| 650 | 7 | |a Pretláčanie |2 stusub | |
| 650 | 7 | |a spracovanie tepelné |2 stusub | |
| 996 | |b 284M062213 |c M*3410-1 |l MMKN |s A |a 24 |w stu39741_0001 | ||